Kirby Characters - Statistics

General Stats
  • This quiz has been taken 850 times
  • The average score is 10 of 15
Answer Stats
Hint Answer % Correct
The Hero of Dreamland Kirby
99%
Self-proclaimed King of Dreamland King Dedede
96%
The Masked Knight Meta Knight
96%
The King's personal assistant Waddle Dee
84%
Shoots a beam out of its eye Waddle Doo
73%
Evil thunder cloud with one eyeball Kracko
67%
Kirby's Dream Land's first boss Whispy Woods
66%
Evil hand Master Hand
63%
Gorilla-like mid-boss that wields a hammer Bonkers
62%
Her name comes from Lala Lalala
56%
His name comes from Lolo Lololo
56%
Four-headed dragon, Guardian of Halcandra Landia
53%
Final boss of Kirby's Adventure Nightmare
53%
Kiddnapper of the King Taranza
40%
Small version of the thundercloud with an eyeball Kracko Jr.
38%
No matching quizzes found
Score Distribution
Percent of People with Each Score
Percentile by Number Answered
Your Score History
You have not taken this quiz